Score 0/15 Timer 04:00
4 Plays Today
Question Answer Wrong Answers
Which character was not portrayed by Lisa Kudrow on Friends? Alice Knight Buffay
85.7%
Phoebe Buffay
1.6%
Ursula Buffay
6.4%
Which character was not portrayed by Jaleel White on Family Matters? Eddie Winslow
72%
Steve Urkel
5.4%
Stefan Urquelle
7.4%
Myrtle Urkel
10.5%
Which character was not portrayed by Elizabeth Montgomery on Bewitched? Tabitha
70.3%
Samantha
7.7%
Serena
21.5%
Which character was not portrayed by Max Baer Jr. on the Beverly Hillbillies? Pearl Bodine
69.4%
Jethro Bodine
8.4%
Jethrine Bodine
16.3%
Which character was not portrayed by Patty Duke on The Patty Duke Show? Natalie Lane
63.1%
Patty Lane
12.2%
Cathy Lane
20.4%
Which character was not portrayed by Barbara Eden on I Dream of Jeannie? Blue Djinn
63%
Jeannie
3%
Jeannie II
27.6%
Which character was not portrayed by Ed O'Neill on Married With Children? Bud Bundy
62%
Al Bundy
3.7%
Captain Courage
15%
Seamus McBundy
9.3%
Which character was not portrayed by Martin Lawrence on Martin? Tommy Strawn
60%
Martin Payne
6.2%
Sheneneh Jenkins
26.4%
Which character was not portrayed by Tina Louise on Gilligan's Island? Mary Ann Summers
59.4%
Ginger Grant
14.5%
Eva Grubb
17.8%
Which character was not portrayed by Don Adams on Get Smart? Siegfried
57.8%
Maxwell Smart
5.5%
King Charles of Coronia
27.2%
Which character was not portrayed by Brent Spiner on Star Trek the Next Generation? Wesley Crusher
56.6%
Lt. Commander Data
9.4%
Lore
13.5%
Dr. Noonien Soong
11.7%
Which character was not portrayed by Alyson Hannigan on How I Met Your Mother Stella Zinman
51.7%
Lily Aldrin
7.6%
Jasmine
31.3%
Which character was not portrayed by Sheryl Lee on Twin Peaks? Shelly Johnson
31.9%
Laura Palmer
21.1%
Maddy Ferguson
36.9%
Which character was not portrayed by Tatiana Maslany on Orphan Black? Delphine Cormier
30.3%
Sarah Manning
18.8%
Cosima Niehaus
21.7%
Alison Hendrix
21%
Which character was not portrayed by Tony Shalhoub on Monk? Ambrose Monk
24.2%
Frank DePalma
62.1%
Adrian Monk
4.6%

You're not logged in!

Compare scores with friends on all Sporcle quizzes.
OR
Log In

Sporcle TV

Today on Sporcle TV


Watch our educational content, quiz creation guides, and fun videos on Sporcle TV.

Show Comments

Extras

Top Quizzes Today


Score Distribution

Paid Content

Your Account Isn't Verified!

In order to create a playlist on Sporcle, you need to verify the email address you used during registration. Go to your Sporcle Settings to finish the process.

Report this User

Report this user for behavior that violates our Community Guidelines.

Details: